| 000 | 00537nam a2200217Ia 4500 | ||
|---|---|---|---|
| 005 | 20250425162615.0 | ||
| 008 | 250425s9999 xx 000 0 und d | ||
| 020 | _a9789706868312 | ||
| 041 | _aspa | ||
| 082 | _a519.2 | ||
| 100 | _aDEVORE, JAY L. | ||
| 245 | 0 | _aPROBABILIDAD Y ESTADISTICA PARA INGENIERIA Y CIENCIAS | |
| 250 | _a7A ED. | ||
| 260 | _aMEXICO | ||
| 260 |
_aMéxico _bCENGAGE LEARNING _c2008 |
||
| 300 | _a720 | ||
| 650 | _aESTADISTICA MATEMATICA | ||
| 650 | _aPROBABILIDADES | ||
| 942 | _c01 | ||
| 010 | _a90137 | ||
| 999 |
_c232723 _d232723 |
||